000 00959nam a2200277 a 4500
001 1384
003 BR-CuiBMT
005 20231210042305.0
008 231201s2008 dfb 000 0 por d
020 _a8586611220
040 _aBR-CuiBMT
_cBR-CuiBMT
080 _a342.849.2
_22007
090 _a342.849.2
_bB823p
110 1 _aBrasil.
_bTribunal Superior Eleitoral.
245 1 0 _aPropaganda eleitoral /
_cTribunal Superior Eleitoral.
260 _aBrasília :
_bTSE, Secretaria de Gestão da Informação,
_c2008.
300 _a353 p. ;
_c21 cm
490 1 _aJurisprudência do TSE. Temas selecionados ;
_vv. 5
500 _a"Atualização até julho de 2007".
504 _aInclui bibliografia.
650 _aCampanhas eleitorais
_zBrasil
650 _aPropaganda política
_xJurisprudência
_zBrasil
650 _aTribunal Superior Eleitoral
_xDireito eleitoral
_zBrasil
830 0 _aJurisprudência do TSE.
_pTemas selecionados
_v5
942 _2udc
_cLV
999 _c1384
_d1384